000 00992nam a2200169Ia 4500
008 090124s9999 xx 000 0 und d
082 _b29917
_a1760
100 _aनूलकर व. कृ.
245 _a श्रीमत् आद्य शंकराचार्य लिखित भाष्ये सनत्सुंजातीय ललितात्रिशची अध्यात्मप
250 _a1
300 _a479
600 _aनूलकर व. कृ.
630 _a श्रीमत् आद्य शंकराचार्य लिखित भाष्ये सनत्सुंजातीय ललितात्रिशची अध्यात्मप
700 _aनूलकर व. कृ.
730 _a श्रीमत् आद्य शंकराचार्य लिखित भाष्ये सनत्सुंजातीय ललितात्रिशची अध्यात्मप
942 _cBOOK
999 _c143399
_d143399